|
|
|
|
| LEADER |
01016nam a22003132a 4500 |
| 001 |
001637678 |
| 003 |
CZ BrMZK |
| 005 |
20180820130006.0 |
| 007 |
ta |
| 008 |
180710s1960 xxu er|||||||||||eng d |
| 040 |
|
|
|a BOA001
|b cze
|e aacr2
|
| 072 |
|
7 |
|a 632
|x Ochrana rostlin. Fytopatologie
|2 Konspekt
|9 24
|
| 080 |
|
|
|a 634.25
|2 MRF
|
| 080 |
|
|
|a 632.935:632.111.5
|2 MRF
|
| 080 |
|
|
|a (048.8)
|2 MRF
|
| 100 |
1 |
|
|a Edgerton, Louis J.
|4 aut
|
| 245 |
1 |
0 |
|a Studies on cold hardiness of peach trees /
|c Louis J. Edgerton
|
| 260 |
|
|
|a Ithaca :
|b Cornell University Agricultural Experiment Station,
|c 1960
|
| 300 |
|
|
|a 30 s.
|
| 490 |
1 |
|
|a Bulletin ;
|v 958
|
| 504 |
|
|
|a Obsahuje bibliografii
|
| 650 |
0 |
7 |
|a broskvoně
|7 ph202593
|2 czenas
|
| 650 |
0 |
7 |
|a ochrana rostlin před mrazem
|7 ph518320
|2 czenas
|
| 655 |
|
7 |
|a studie
|7 fd133597
|2 czenas
|
| 830 |
|
0 |
|a Bulletin
|
| 910 |
|
|
|a BOA001
|b X-0507.979
|
| 990 |
|
|
|a BK
|
| 991 |
|
|
|b 201806
|
| 996 |
7 |
|
|b 2618947627
|c X-0507.979
|l MZK
|r Sklad / do 24 hodin
|n 0
|w 001673681
|u 000010
|a 1
|e BOA001
|j MZK50
|s A
|